LEADER 02902nam 22005533u 450 001 9910456777303321 005 20210108063536.0 010 $a0-8389-9034-7 010 $a0-8389-9902-6 035 $a(CKB)2550000000039934 035 $a(EBL)718902 035 $a(OCoLC)733040290 035 $a(SSID)ssj0000540631 035 $a(PQKBManifestationID)12252545 035 $a(PQKBTitleCode)TC0000540631 035 $a(PQKBWorkID)10598697 035 $a(PQKB)10335005 035 $a(MiAaPQ)EBC718902 035 $a(EXLCZ)992550000000039934 100 $a20130418d2010|||| u|| | 101 0 $aeng 181 $ctxt 182 $cc 183 $acr 200 14$aThe Readers' Advisory Handbook$b[electronic resource] 210 $aChicago, IL $cALA Editions$d2010 215 $a1 online resource (233 p.) 225 0 $aALA readers' advisory series The readers' advisory handbook 300 $aDescription based upon print version of record. 311 $a0-8389-1042-4 327 $aContents; Acknowledgments; Introduction; Part 1: Getting to Know Your Materials; 1. How to Read a Book in Ten Minutes; 2. Nonfiction Speed Dating; 3. How to Listen to a Book in Thirty Minutes; 4. How to Read a Graphic Novel in Five Minutes; 5. Keeping Up: Genre Studies as Continuing Education; Part 2: Reviewing and Evaluating Materials; 6. Reviews and Annotations for Fiction and Nonfiction; 7. Reviewing Audiobooks; 8. How to Review Graphic Novels and Manga; 9. Reviewing and Evaluating Reference Materials; Part 3: Marketing, Promoting, and Sharing Materials 327 $a10. Passive Readers' Advisory: Bookmarks, Booklists, and Displays11. Creating Themed Booklists; 12. Read-Alikes; 13. Book Group Kits; 14. Taking Readers' Advisory Online; Part 4: Programming; 15. Book Groups; 16. How to Host Author Events; 17. Adult Storytime; Part 5: Expanding Readers' Advisory Services; 18. Readers' Advisory by Proxy for Teens; 19. Readers' Advisory for Older Adults; 20. Readers' Advisory for Incarcerated Populations; 21. Suggesting Adult Books to Teen Readers; 22. Suggesting Teen Books to Adult Readers; List of Contributors; Index; 330 $aCovering everything from getting to know a library's materials to marketing and promoting RA, this practical handbook will help you expand services immediately without adding costs or training time. 606 $aReaders' advisory services 606 $aReaders' advisory services$zUnited States 608 $aElectronic books. 615 4$aReaders' advisory services. 615 0$aReaders' advisory services 676 $a025.04 676 $a20 700 $aMoyer$b Jessica E$0871615 701 $aStover$b Kaite Mediatore$0871616 801 0$bAU-PeEL 801 1$bAU-PeEL 801 2$bAU-PeEL 906 $aBOOK 912 $a9910456777303321 996 $aThe Readers' Advisory Handbook$91945637 997 $aUNINA LEADER 02355nam0 22004453i 450 001 RAV0063066 005 20251003044321.0 010 $a8820434989 020 $aIT$b91-6299 100 $a20111010d1989 ||||0itac50 ba 101 | $aita 102 $ait 181 1$6z01$ai $bxxxe 182 1$6z01$an 183 1$6z01$anc$2RDAcarrier 200 1 $aDistretti e sistemi produttivi alla soglia degli anni '90$fa cura di Fabio Gobbo 210 $aMilano$cAngeli$d1989 215 $a183 p.$d22 cm. 225 | $aConsiglio nazionale delle ricerche, Progetto finalizzato Struttura ed evoluzione dell'economia italiana$i. Sottoprogetto 2, Sistema delle imprese$v1 410 0$1001CFI0163168$12001 $aConsiglio nazionale delle ricerche, Progetto finalizzato Struttura ed evoluzione dell'economia italiana$i. Sottoprogetto 2, Sistema delle imprese$v1$171201$aConsiglio nazionale delle ricerche$b : Progetto finalizzato Struttura ed evoluzione dell'economia italiana$3CFIV084676 500 11$aDistretti e sistemi produttivi alla soglia degli anni '90.$3MSE0070457$965718 606 $aItalia$xIndustria$x1980-1988$2FIR$3CFIC040815$9I 606 $aIndustria$xLocalizzazione$xItalia$2FIR$3CFIC133321$9I 676 $a338.0945$9PRODUZIONE. Italia$v21 676 $a338.60420945$9ORGANIZZAZIONE DELLA PRODUZIONE. LOCALIZZAZIONI. ITALIA$v19 676 $a338.60945$9$v19 686 $aHC 310$c$2C 696 $aUbicazione 699 $aLocalizzazione$zUbicazione 702 1$aGobbo$b, Fabio$3CFIV044398 801 3$aIT$bIT-000000$c20111010 850 $aIT-BN0095 $aIT-NA0457 $aIT-NA0079 901 $bNAP BN$cMAGAZZINO $nmagazzini correnti divisi per anni 901 $bNAP BI$cSALA 3 $nLibri da 1597 a 3785 901 $bNAP 01$cPOZZO LIB.$nVi sono collocati fondi di economia, periodici di ingegneria e scienze, periodici di economia e statistica e altri fondi comprendenti documenti di economia pervenuti in dono. 912 $aRAV0063066 950 0$aBiblioteca Centralizzata di Ateneo$c1 v.$d 01POZZO LIB.ECON MON 7922$e 0101 0000084585E VMA 1 v. (Precedente collocazione: GUERRAZZI B 30)$fB $h20070709$i20070709 977 $a 01$a BI$a BN 996 $aDistretti e sistemi produttivi alla soglia degli anni '90$965718 997 $aUNISANNIO